Санаториум "Клепсидра" (Запис номер 324800)
[ съкратено ]
| 000 -Лидер | |
|---|---|
| Контролно поле с фиксирана дължина | 01329aam a2200313 a 4500 |
| 003 - Код на организацията, давaща контролен номер | |
| Контролно поле | BLK |
| 005 - Дата и час на последна редакция | |
| Контролно поле | 20240518095259.0 |
| 008 - Елементи от данни с фиксирана дължина | |
| fixed length control field | 180927b bul||||| |||| 00| 0 bul d |
| 020 ## - Международен стандартен номер на книга ISBN | |
| Международен стандартен номер на книга ISBN | 9789548692649 |
| 040 ## - Източник на каталожния запис | |
| Идентификатор на билиотеката - собственик на записа | BLK |
| 041 ## - Код за език | |
| Код за езика на текст/звукозапис или на отделно заглавие | Български |
| Код за езика КДБФ | Български |
| 080 ## - УДК | |
| Текстов определител УДК | Полска литература |
| УДК код - определител по УДК | 821.162.1 |
| УДК определител | -32 |
| УДК - код + определител | 821.162.1-32 |
| 100 ## - Редна дума - Автор | |
| Автор | Шулц, Бруно |
| R(LIN) | 348399 |
| Авторска отговорност | първи автор |
| 139 ## - Редно поле | |
| Редна дума | Шулц, Бруно |
| Авторски знак | Шу - Ш 96 |
| 245 ## - Сведения за заглавието | |
| Заглавие | Санаториум "Клепсидра" |
| Редно поле (дума) | Бруно Шулц; прев. от пол. Магдалена Атанасова. |
| 250 ## - Област на изданието | |
| Сведения за изданието | 2. изд. |
| 257 ## - Страна на издаване | |
| Страна на създаване/издаване | Полша |
| 260 ## - Област на издателските данни | |
| Име на издателя, разпространителя и проч. | Аквариус |
| Година на издаване | 2017 |
| Място на издаване, разпространение и проч. | София |
| 300 ## - Физическа характеристика | |
| Страници | 352 с. |
| Размери/Мащаб | 19 см |
| 380 ## - Жанр | |
| Жанр | Худож. лит. |
| 490 ## - СЕРИИ (Колекции) | |
| 9 (RLIN) | 208310 |
| Име на серия | Далечни близки |
| 500 ## - Общи забележки | |
| Забележка | Ориг. загл.: Sanatorium pod Klepsydrą / Bruno Schulz<br/>Творецът и бездната, или за бляскавия контрамарш на фантазията / Павел Пл. Петров: с. 5-17<br/>Докосване до Бруно Шулц / Антоан Асенов: с. 337-350 |
| 700 ## - Други автори (авторска отговорност) | |
| 9 (RLIN) | 330084 |
| Лично име | Атанасова, Магдалена Евлогиева |
| Автороска отговорност (Описва отношението между автора и произведението) | прев. от пол. |
| 852 ## - Местоположение | |
| Форматна сигнатура | Цб 290530 |
| Фондова буква | Хранилище |
| 999 ## - СИСТЕМНИ КОНТРОЛНИ НОМЕРА | |
| Koha biblionumber | 324800 |
| Koha biblioitemnumber | 324800 |
| 942 ## - АРТИКУЛИ | |
| Вид на библиотечния материал | Книги |
| Източник на класификационната схема | Universal Decimal Classification |
| Скрит в OPAC | Не |
| Периодичен библиозапис | Да |
| Koha issues (borrowed), all copies | 3 |
| 999 ## - СИСТЕМНИ КОНТРОЛНИ НОМЕРА | |
| Koha biblioitemnumber | 324800 |
| 999 ## - СИСТЕМНИ КОНТРОЛНИ НОМЕРА | |
| Koha biblioitemnumber | 324800 |
| 999 ## - СИСТЕМНИ КОНТРОЛНИ НОМЕРА | |
| Koha biblioitemnumber | 324800 |
| 944 ## - СЪЗДАВАНЕ И РЕДАКЦИЯ на ЗАПИСА | |
| Служител, извършил регистрацията/редакцията | 30560 |
| Статус, дата на статуса | Геновева Генчева |
| Код за отписване | Код за изгубен артикул | Източник на класификационната схема | Код за повреда | Коз за рестрикции | Код за отдаване | Артикулен № | Име на библиотеката - собственик | Име на библиотеката, в която се намира в момента | Статус (Текущо местоположение) | Дата на вписване в системата | Местоположение - отдел | Цена в лева | Инвентарен номер | Систематично азбучна сигнатура | Баркод | Цена в евро | Служебен тип на артикула |
|---|---|---|---|---|---|---|---|---|---|---|---|---|---|---|---|---|---|
| Не е изгубен | Universal Decimal Classification | Не е повреден | без рестрикции | ползва се в читалня | 680836 | Регионална библиотека "Любен Каравелов" Русе | Регионална библиотека "Любен Каравелов" Русе | Хранилище | 2018-09-27 | Хранилище | 15.99 | 120000823694 | Цб 290530 | 120000823694 | 8.18 | Книги | |
| Не е изгубен | Universal Decimal Classification | Не е повреден | без рестрикции | заемане за дома | 799125 | Регионална библиотека "Любен Каравелов" Русе | Регионална библиотека "Любен Каравелов" Русе | Заемна - подръчен фонд | 2020-09-16 | Заемна - подръчен фонд | 11.21 | 821-31/Ш 96 Б | 120000846518 | 5.73 | Книги |